| 000 | 01257nam a22002177a 4500 | ||
|---|---|---|---|
| 999 |
_c58617 _d58617 |
||
| 003 | Ge_BSU | ||
| 005 | 20220615115628.0 | ||
| 008 | 220615s2014 ge ||||| |||| 00| 0 geo d | ||
| 020 | _a9789994021376 | ||
| 041 | _ageo | ||
| 080 | _a821.353.1-1 შ-21 | ||
| 100 |
_aშაინიძე, ჟ. (ჟუჟუნა) _914097 |
||
| 245 |
_aგრამატიკა თევზებისათვის : _b[ლექსები] / _cჟუჟუნა შაინიძე ; რედ. მინდია ცეცხლაძე ; [მხატვ. ნანუკა ხალვაში]. |
||
| 264 |
_aბათუმი : _bს.ს. "გამომცემლობა აჭარა", _c2014. |
||
| 300 |
_a128 გვ. : _bილ. ; _c20 სმ. |
||
| 500 | _aწიგნი გამოდის აჭარის ა/რ განათლების, კულტურისა და სპორტის სამინისტროს მხარდაჭერით. | ||
| 653 | _aლექსები | ||
| 700 |
_aცეცხლაძე, მ. (მინდია) _eრედაქტორი _914098 |
||
| 700 |
_aხალვაში, ნ. (ნანუკა) _eმხატვაში _914099 |
||
| 942 |
_2udc _cBK |
||